000 00735cab a2200241 4500
001 ABS41745
008 090401t1989 xxu||||| |||| 00| 0 eng d
035 _a(Sirsi) u32204
041 _aeng
100 _aHanson, M.
245 _aHousing for an ageing population
260 _c1989
350 _a0
490 _aEstates Gazette
_v(8943) 28 October 1989, 20-21(2)
520 _aReview of the growth in the market for sheltered accommodation for the elderly looking at the performance of the main companies in the field.
650 _aANGLIA SECURE HOMES
650 _aEGERTON TRUST
650 _aMCCARTHY AND STONE
650 _aRESIDENTIAL
690 _aPROPERTY LAW AND PRACTICE
942 _n0
948 _c04/03/1997
999 _c21611
_d21611